000 00432cam a22001457a 4500
008 180718b1995 xxu||||| |||| 00| 0 eng d
020 _a817022568X
082 _aB7304x54 Oa5
100 _aOommen, M.A.
245 _aPanchayats and their finance
_cby M.A. Oommen and Abhijit Datta
260 _aNew Delhi
_bInstitute of Social Sciences
_c1995
300 _a76p.
650 _aPanchayati - Finance - India
700 _aDatta, Abhijit
999 _c378473
_d378473